| 000 | 00334nam a2200109Ia 4500 | ||
|---|---|---|---|
| 008 | 171211s9999 xx 000 0 und d | ||
| 245 | _aConflict Between India and Pakistan: An Encyclopedia | ||
| 245 | _cPeter Lyon | ||
| 260 | _c2008 | ||
| 650 | _xEncyclopedia and Dictionary | ||
| 856 | _uhttp://down.ebook777.com/064/9781576077122.pdf | ||
| 999 |
_c350142 _d350142 |
||